| 000 | 01331nam0a2200349 4500 | ||
|---|---|---|---|
| 001 | RU\NLR\bibl\1016940 | ||
| 005 | 20250614233209.0 | ||
| 010 | _a5-17-008118-9 | ||
| 010 | _a5-271-02060-6 | ||
| 035 | _a(NLR Aleph) 001004507 | ||
| 090 |
_a599555 _c599555 |
||
| 100 | _a20061205d2003 |||y0rusy50 ca | ||
| 101 | 1 |
_arus _cfre |
|
| 102 | _aRU | ||
| 105 | _aa ||||||||| | ||
| 200 | 1 |
_aАрхитектура. Ренессанс _fБертран Жестаз _g[пер. с фр. Е.В. Шукшиной] |
|
| 210 |
_aМосква _cАстрель _d2003 |
||
| 215 |
_a159 с. _cил., цв. ил. _d18 |
||
| 225 | 1 |
_aОткрытие _iАрхитектура |
|
| 300 | _aЗагл. обл.: Ренессанс от Брунеллески до Палладио | ||
| 300 | _aНа обл. авт. не указан | ||
| 320 | _aУказ. имен и назв.: с. 153-158 | ||
| 320 | _aДр. работы авт. на 10-й с. | ||
| 512 | 1 | _aРенессанс от Брунеллески до Палладио | |
| 606 | 1 |
_aАрхитектура итальянская _z15 - 16 вв. _91020960 _3RU\NLR\auth\6672408 |
|
| 686 | _aЩ113(4Ит)43 | ||
| 700 | 1 |
_aЖестаз _bБ. _gБертран _4070 |
|
| 801 | 0 |
_aRU _bNLR _c20061205 _grcr |
|
| 801 | 1 |
_aRU _bNLR _c20061205 |
|
| 942 | _cBOOK | ||
| 980 | _aNB | ||